US cities on state borders - Statistics

General Stats
  • This quiz has been taken 115 times
  • The average score is 11 of 14
Answer Stats
State Border City % Correct
Missouri / Kansas Kansas City
93%
New York / New Jersey New York
89%
Texas / New Mexico El Paso
86%
Pennsylvania / New Jersey Philadelphia
86%
Maryland / Virginia / District of Columbia Washington
83%
Ohio / Kentucky Cincinnati
82%
Tennessee / Arkansas Memphis
82%
Rhode Island / Massachusetts Providence
79%
Illinois / Missouri St. Louis
79%
Nebraska / Iowa Omaha
78%
Ohio / Michigan Toledo
77%
North Carolina / South Carolina Charlotte
74%
Georgia / South Carolina Augusta
53%
Georgia / Alabama Columbus
42%
No matching quizzes found
Score Distribution
Percent of People with Each Score
Percentile by Number Answered
Your Score History
You have not taken this quiz